Mikä Helsingin katu? #1 - Statistics

Yleistilastot
  • Tätä visaa on pelattu 24 kertaa
  • Keskiarvotulos 3 / 15
Vastaustilastot
Vihje Katu % Oikein
KorkeavuorenkatuSimonkatu Yrjönkatu
55%
SnellmaninkatuMeritullinkatu Vironkatu
41%
UnioninkatuMariankatu Hallituskatu
32%
MannerheimintiePaciuksenkatu Tukholmankatu
32%
KorkeavuorenkatuErottajankatu Ludviginkatu
23%
BulevardiRuoholahdenkatu Abrahaminkatu
14%
AurorankatuDagmarinkatu Freesenkatu
14%
MerimiehenkatuSepänkatu Kankurinkatu
14%
VälskärinkatuTöölöntorinkatu Sandelsinkatu
14%
Koskelantie Isonniitynkatu Sofialehdonkatu
14%
MuseokatuEtel. Hespariankatu Vänrikki Stoolin katu
14%
LaivasillankatuUllankatu Muukalaiskatu
9%
KauppiaankatuLaivastokatu Katajanokankatu
5%
TeollisuuskatuHelsinginkatu Kustaankatu
5%
HylkeenpyytäjänkatuTelakkakatu Hernesaarenkatu
0%
Ehtoja vastaavia visoja ei löytynyt
Tulosjakauma
Jokaisen tuloksen saaneiden osuus
Persentiili vastausten määrän mukaan
Tuloshistoriasi
Et ole pelannut tätä visaa